|
|
|
|
| LEADER |
00000cam a22000004a 4500 |
| 001 |
musev2_2476 |
| 003 |
MdBmJHUP |
| 005 |
20230905040329.0 |
| 006 |
m o d |
| 007 |
cr||||||||nn|n |
| 008 |
101102s2011 alu o 00 0 eng d |
| 010 |
|
|
|z 2010045693
|
| 020 |
|
|
|a 9780817385484
|
| 020 |
|
|
|z 9780817359706
|
| 020 |
|
|
|z 9780817317355
|
| 035 |
|
|
|a (OCoLC)772845396
|
| 040 |
|
|
|a MdBmJHUP
|c MdBmJHUP
|
| 043 |
|
|
|a n-us---
|a n-usu--
|
| 050 |
0 |
4 |
|a E467.1.P36
|b M39 2011
|
| 082 |
0 |
|
|a 973.7/42092
|a B
|2 22
|
| 100 |
1 |
|
|a Maxwell, Jerry H.
|q (Jerry Hollis),
|d 1942-
|
| 245 |
1 |
4 |
|a The Perfect Lion :
|b The Life and Death of Confederate Artillerist John Pelham /
|c Jerry H. Maxwell.
|
| 264 |
|
1 |
|a Tuscaloosa, Alabama :
|b University of Alabama Press,
|c 2011.
|
| 264 |
|
3 |
|a Baltimore, Md. :
|b Project MUSE,
|c 2012
|
| 264 |
|
4 |
|c ©2011.
|
| 300 |
|
|
|a 1 online resource (437 pages).
|
| 336 |
|
|
|a text
|b txt
|2 rdacontent
|
| 337 |
|
|
|a computer
|b c
|2 rdamedia
|
| 338 |
|
|
|a online resource
|b cr
|2 rdacarrier
|
| 504 |
|
|
|a Includes bibliographical references and index.
|
| 505 |
0 |
|
|a "The most adventuresome member of that adventurous group" -- "We are a class beyond the common ones" -- "Fear God and know no other fear" -- "Madness and fanaticism" -- "We predict for them a brilliant future" -- "War is not glorious" -- "An honour to be one of them" -- "Like a duck on a June bug" -- "We are going to whip the yankees like the mischief" -- "I have had my revenge out of Pope" -- "Who could not conquer with such troops as these" -- "The Lord of Hosts was plainly fighting on our side" -- "The Lord bless your dirty ragged souls" -- "Put on the war paint!" -- "An exile from his own land of Alabama" -- "Stuart has euchered us again" -- "Like some god of battle" -- "We have a magnificent position..." -- "You men stand killing better than any I know!" -- "A system of irritation" -- "One could never forget him" -- "Such is the fortune of war" -- "I want Jimmie to be just like him".
|
| 588 |
|
|
|a Description based on print version record.
|
| 600 |
1 |
0 |
|a Pelham, John,
|d 1838-1863.
|
| 650 |
|
0 |
|a Soldiers
|z Confederate States of America
|v Biography.
|
| 610 |
1 |
0 |
|a Confederate States of America.
|b Army
|v Biography.
|
| 651 |
|
0 |
|a United States
|x History
|y Civil War, 1861-1865
|x Artillery operations.
|
| 655 |
|
7 |
|a Electronic books.
|2 local
|
| 710 |
2 |
|
|a Project Muse.
|e distributor
|
| 830 |
|
0 |
|a Book collections on Project MUSE.
|
| 856 |
4 |
0 |
|z Texto completo
|u https://projectmuse.uam.elogim.com/book/2476/
|
| 945 |
|
|
|a Project MUSE - Custom Collection
|
| 945 |
|
|
|a Project MUSE - 2011 Complete
|
| 945 |
|
|
|a Project MUSE - 2011 History
|